Engineering properties of soils (Record no. 545154)
[ view plain ]
| 000 -LEADER | |
|---|---|
| fixed length control field | 00668cam a2200193K 4500 |
| 082 04 - DEWEY DECIMAL CLASSIFICATION NUMBER | |
| Classification number | 620.191 |
| Author Mark | GUL |
| -- | L-16, P-71. |
| 100 1# - MAIN ENTRY--PERSONAL NAME | |
| Personal name | Gulhati, Shashi K. |
| 9 (RLIN) | 40936 |
| 245 10 - TITLE STATEMENT | |
| Title | Engineering properties of soils |
| Statement of responsibility, etc. | Shashi K. Gulhati. |
| 260 ## - PUBLICATION, DISTRIBUTION, ETC. | |
| Place of publication, distribution, etc. | New Delhi, |
| Name of publisher, distributor, etc. | Tata McGraw- Hill Publishing Company Limited, |
| Date of publication, distribution, etc. | 1989. |
| 300 ## - PHYSICAL DESCRIPTION | |
| Extent | 1 online resource (82 p.) |
| Other physical details | illus. |
| 526 ## - STUDY PROGRAM INFORMATION NOTE | |
| Program name | 0 |
| Interest level | 0 |
| Reading level | 0 |
| Title point value | 620_191000000000000_GUL |
| 650 #0 - SUBJECT ADDED ENTRY--TOPICAL TERM | |
| Topical term or geographic name entry element | MCE. |
| 9 (RLIN) | 379 |
| 650 #0 - SUBJECT ADDED ENTRY--TOPICAL TERM | |
| Topical term or geographic name entry element | Soil mechanics. |
| 650 #0 - SUBJECT ADDED ENTRY--TOPICAL TERM | |
| Topical term or geographic name entry element | Soils |
| General subdivision | Testing. |
| 9 (RLIN) | 21515 |
| 650 #6 - SUBJECT ADDED ENTRY--TOPICAL TERM | |
| Topical term or geographic name entry element | Sols |
| General subdivision | Essais. |
| 9 (RLIN) | 40937 |
| 650 #6 - SUBJECT ADDED ENTRY--TOPICAL TERM | |
| Topical term or geographic name entry element | Sols, Mécanique des. |
| 9 (RLIN) | 40938 |
| 856 40 - ELECTRONIC LOCATION AND ACCESS | |
| Uniform Resource Identifier | <a href="http://catalog.hathitrust.org/api/volumes/oclc/1889127.html">http://catalog.hathitrust.org/api/volumes/oclc/1889127.html</a> |
| 942 ## - ADDED ENTRY ELEMENTS (KOHA) | |
| Source of classification or shelving scheme | |
| Koha item type | Book |
| Withdrawn status | Lost status | Source of classification or shelving scheme | Damaged status | Not for loan | Permanent Location | Current Location | Date acquired | Total Checkouts | Full call number | Barcode | Date last seen | Price effective from | Koha item type |
|---|---|---|---|---|---|---|---|---|---|---|---|---|---|
| Military College of Engineering (MCE) | Military College of Engineering (MCE) | 05/19/2014 | 620.191 GUL | MCE-25503 | 05/19/2014 | 05/19/2014 | Book |
